[Event "4NCL Div 1 2018-19"]
[Site "Daventry"]
[Date "2018.11.10"]
[Round "1"]
[White "Rogers, Jonathan W"]
[Black "Kett, Tim"]
[Result "1-0"]
[WhiteElo "2299"]
[BlackElo "2206"]
[Annotator "NA"]
[PlyCount "53"]
[EventDate "2018.11.10"]
[EventType "team-tourn"]
[EventCountry "GBR"]
[SourceTitle "playchess.com"]
[Source "ChessBase"]
[SourceQuality "1"]
[TimeControl "40/6000+30:3000+30"]

1. e4 {[%emt 0:08:02]} e5 {[%emt 0:00:00]} 2. Nf3 {[%emt 0:00:04]} Nc6 {[%emt 0:00:00]} 3. Nc3 {[%emt 0:00:08]} Nf6 {[%emt 0:00:14]} 4. Be2 {[%emt 0:00:09]} d5 {[%emt 0:11:22]} 5. exd5 {[%emt 0:00:31]} Nxd5 {[%emt 0:02:06]} 6. O-O {[%emt 0:03:26]} Nxc3 {[%emt 0:00:40]} 7. bxc3 {[%emt 0:00:08]} Bd6 {[%emt 0:00:42]} 8. d4 {[%emt 0:06:03]} exd4 {[%emt 0:02:25]} 9. cxd4 {[%emt 0:01:41]} O-O {[%emt 0:01:05]} 10. Rb1 {[%emt 0:02:39]} b6 {[%emt 0:05:13]} 11. Bg5 {[%emt 0:02:11]} Qd7 {[%emt 0:02:01]} 12. c4 {[%emt 0:05:33]} Nd8 {[%emt 0:31:36]} 13. c5 {[%emt 0:05:22]} bxc5 {[%emt 0:09:07]} 14. dxc5 {[%emt 0:00:24]} Bxc5 {[%emt 0:01:34]} 15. Qc2 $14 {[%emt 0:01:32]} Ne6 {[%emt 0:06:05]} 16. Rfd1 {[%emt 0:06:35]} Qe8 {[%emt 0:08:58]} 17. Bc4 {[%emt 0:03:17]} h6 {[%emt 0:05:24]} 18. Bh4 {[%emt 0:06:56]} g5 {[%emt 0:04:33]} 19. Bxe6 {[%emt 0:03:03]} Bxe6 {[%emt 0:04:54]} 20. Bxg5 {[%emt 0:01:14]} hxg5 {[%emt 0:06:41]} 21. Nxg5 {[%emt 0:00:51]} f5 {[%emt 0:00:45]} 22. Re1 {[%emt 0:02:53]} Rf6 {[%emt 0:02:39]} 23. Qxc5 {[%emt 0:00:08]} Qg6 {[%emt 0:00:13]} 24. Qc6 {[%emt 0:01:36]} Re8 {[%emt 0:00:52]} 25. h4 {[%emt 0:00:20]} f4 {[%emt 0:01:14]} 26. h5 {[%emt 0:04:40]} Bd7 {[%emt 0:01:42]} 27. Qd5+ {[%emt 0:00:20]} 1-0

[Event "4NCL Div 1 2018-19"]
[Site "Daventry"]
[Date "2018.11.10"]
[Round "1"]
[White "Abbas, Daniel"]
[Black "Sygnowski, Tomasz"]
[Result "1-0"]
[WhiteElo "2281"]
[BlackElo "2153"]
[Annotator "NA"]
[PlyCount "83"]
[EventDate "2018.11.10"]
[EventType "team-tourn"]
[EventCountry "GBR"]
[SourceTitle "playchess.com"]
[Source "ChessBase"]
[SourceQuality "1"]
[TimeControl "40/6000+30:3000+30"]

1. e4 {[%emt 0:00:00]} e6 {[%emt 0:00:14]} 2. d4 {[%emt 0:00:00]} d5 {[%emt 0:00:03]} 3. Nd2 {[%emt 0:00:39]} c5 {[%emt 0:02:09]} 4. exd5 {[%emt 0:00:26]} exd5 {[%emt 0:00:16]} 5. Ngf3 {[%emt 0:00:29]} Nf6 {[%emt 0:01:16]} 6. Bb5+ {[%emt 0:01:22]} Nc6 {[%emt 0:05:51]} 7. O-O {[%emt 0:01:10]} Be7 {[%emt 0:01:55]} 8. dxc5 {[%emt 0:00:52]} O-O {[%emt 0:00:10]} 9. Nb3 {[%emt 0:03:27]} Bg4 {[%emt 0:03:44]} 10. h3 {[%emt 0:12:38] C08: French Tarrasch: 3...c5 4 exd5 exd5 sidelines} Bh5 {[%emt 0:00:08]} 11. Be3 {[%emt 0:04:07]} (11. Be2 Ne4 12. Be3 Re8 13. c3 Bf6 14. Nfd2 Bxe2 15. Qxe2 Bg5 16. Nxe4 Rxe4 17. Bxg5 Rxe2 18. Bxd8 Rxd8 {½-½ (47) Wang,Y (2369)-Gunina,V (2462) Ningbo 2010}) 11... Qc7 {[%emt 0:05:14]} 12. Be2 {[%emt 0:04:23]} Rfd8 $146 {[%emt 0:05:01]} ({Predecessor:} 12... Rfe8 13. c3 Rad8 14. Qc2 Ne4 15. Rfe1 Bf6 16. Nfd4 Bg6 17. Qc1 a6 18. Nxc6 Qxc6 {1-0 (38) Lazar,A (2305)-Pukl,D (2072) Slovenia 2013}) 13. Nfd4 {[%emt 0:04:21]} Bg6 {[%emt 0:07:14]} 14. Nb5 {[%emt 0:18:35]} Qd7 {[%emt 0:06:03]} 15. Bf4 {[%emt 0:14:00]} Ne4 {[%emt 0:27:03]} 16. Bg4 {[%emt 0:04:16]} Bf5 {[%emt 0:03:06]} 17. Bf3 {[%emt 0:02:09]} Nxc5 {[%emt 0:09:47]} 18. Nc7 {[%emt 0:09:48]} Rac8 {[%emt 0:12:20]} 19. Nxd5 {[%emt 0:01:31]} Nxb3 {[%emt 0:05:26]} 20. axb3 {[%emt 0:00:41]} Bc5 {[%emt 0:00:20]} 21. Bg5 {[%emt 0:08:27]} Nd4 {[%emt 0:04:14]} 22. Bxd8 {[%emt 0:03:37]} Bxc2 {[%emt 0:00:14]} 23. Qd2 {[%emt 0:02:43]} Rxd8 {[%emt 0:02:52]} 24. Rac1 {[%emt 0:03:35]} Qf5 {[%emt 0:03:44]} 25. Rxc2 {[%emt 0:03:27]} Nxf3+ {[%emt 0:01:30]} 26. gxf3 {[%emt 0:00:14]} Qxd5 {[%emt 0:00:49]} 27. Qxd5 {[%emt 0:01:07]} Rxd5 {[%emt 0:00:04]} 28. b4 {[%emt 0:00:35]} Bb6 {[%emt 0:00:45]} 29. Rc8+ {[%emt 0:01:41]} Bd8 {[%emt 0:00:06]} 30. Ra1 {[%emt 0:00:13]} g6 {[%emt 0:01:37]} 31. Rxa7 {[%emt 0:00:17]} Kg7 {[%emt 0:00:01]} 32. Rxb7 {[%emt 0:00:13]} Bh4 {[%emt 0:00:58]} 33. Rcc7 {[%emt 0:01:14]} Rf5 {[%emt 0:00:29]} 34. Kg2 {[%emt 0:00:19]} Rg5+ {[%emt 0:00:01]} 35. Kf1 {[%emt 0:00:46]} Rf5 {[%emt 0:00:01]} 36. Ke2 {[%emt 0:00:58]} Re5+ {[%emt 0:00:10]} 37. Kf1 {[%emt 0:00:42]} Rf5 {[%emt 0:00:01]} 38. Rc3 {[%emt 0:00:06]} Rd5 {[%emt 0:00:07]} 39. Rbc7 {[%emt 0:00:35]} Bf6 {[%emt 0:00:58]} 40. Rb3 {[%emt 0:00:59]} Bd8 {[%emt 0:01:13]} 41. Rc5 {[%emt 0:51:14]} Rd2 {[%emt 0:04:34]} 42. Ke1 $18 {[%emt 0:00:00]} 1-0

[Event "4NCL Div 1 2018-19"]
[Site "Daventry"]
[Date "2018.11.10"]
[Round "1"]
[White "Mueller, Constantin"]
[Black "Alsina Leal, Daniel"]
[Result "1/2-1/2"]
[WhiteElo "2276"]
[BlackElo "2472"]
[Annotator "TA"]
[PlyCount "112"]
[EventDate "2018.11.10"]
[EventType "team-tourn"]
[EventCountry "GBR"]
[SourceTitle "playchess.com"]
[Source "ChessBase"]
[SourceQuality "1"]

{[%evp 20,112,37,36,52,52,63,0,-14,-177,-177,-151,-62,-68,-83,-75,-55,-64,-68,-92,-99,-79,-34,-30,-37,-50,-54,-68,0,-26,3,0,22,30,71,0,7,0,0,0,0,0,0,0,0,-59,-27,-25,0,-24,0,-75,-3,-56,0,-50,-50,-50,-50,-50,-50,-50,-50,-91,-11,-16,0,0,0,0,0,0,0,0,0,0,0,0,0,0,0,0,0,0,0,0,0,0,8,8,8,0,0,0,0]} 1. d4 Nf6 2. c4 g6 3. Nc3 d5 4. cxd5 Nxd5 5. e4 Nxc3 6. bxc3 Bg7 7. Nf3 c5 8. Be3 Qa5 9. Nd2 {D85: Exchange Grünfeld: Unusual White 7th moves and lines with 7 Nf3} Nd7 (9... Bd7 10. Rb1 Ba4 11. Qxa4+ Qxa4 12. Bb5+ Qxb5 13. Rxb5 b6 14. dxc5 Nd7 15. Ke2 Bxc3 16. Nb3 O-O {½-½ (28) Navara,D (2741)-Vachier Lagrave,M (2779) Biel 2018}) 10. Qc2 O-O 11. Be2 {LiveBook: 7 Games. White is slightly better.} f5 $146 ({Predecessor:} 11... e6 12. a4 Qc7 13. Qa2 Nf6 14. O-O Bd7 15. f3 Rfc8 16. Nb3 cxd4 17. cxd4 {1-0 (46) Korobov,A (2675)-Borisek,J (2558) Baku 2016}) 12. exf5 gxf5 13. Nf3 (13. Bg5 $14) 13... cxd4 $11 14. Bxd4 $2 (14. Nxd4 $11 {and White has nothing to worry.} Bxd4 15. Bxd4) 14... e5 $19 15. Be3 {[#]} e4 (15... f4 $1 $17 {[%cal Rf4e3]} 16. Bd2 (16. Ng5 $2 e4 $19) (16. Bc4+ Kh8 $17) 16... Nc5) 16. Nd4 f4 17. Bd2 Nc5 18. O-O Kh8 19. Bc4 Bd7 20. Bd5 Ba4 21. Nb3 $1 Nxb3 22. axb3 Qxd5 23. Rxa4 Rae8 (23... Rad8 $5 {[%cal Rd5d2]} 24. Bc1 {[#]} e3 $1 $11 {[%mdl 512]}) 24. c4 $1 {[%cal Rc4d5]} Qd7 25. Ra5 $36 {[%mdl 2048] White is pushing.} (25. Rxa7 f3 $15) 25... h6 {Threatens to win with ...f3.} 26. Rd5 ({Don't go for} 26. Rxa7 $2 f3 $19) 26... Qf7 27. Bc3 (27. Bb4 $16) 27... f3 $11 28. g4 e3 29. fxe3 Rxe3 30. Bxg7+ Qxg7 31. h3 Qc7 {( -> ...Qg3+)} 32. Qf2 ({White should try} 32. Qh2 $11 f2+ 33. Kg2) 32... Kg8 {...Re2 is the strong threat.} 33. Qh2 $1 {[%cal Rh2c7]} Qxh2+ (33... Qe7 {looks sharper.} 34. Qd6 Qxd6 35. Rxd6 Rxb3 36. Rxh6 a5) 34. Kxh2 Rxb3 {[%mdl 4096] Endgame KRR-KRR} 35. Rf2 (35. Rb5 $11 {keeps the balance.} Rxb5 36. cxb5) 35... Rc8 ({Better is} 35... Rf7 $17) 36. c5 (36. Rb5 $11 Rxb5 37. cxb5) 36... Rb5 (36... Rc7 $15) 37. Rxf3 Rbxc5 38. Rd6 R5c6 39. Rd7 R8c7 40. Rd8+ Kg7 41. Rff8 Rc2+ (41... b5 $17 {Strongly threatening ...b4.} 42. Rb8 a6) 42. Kg3 {The position is equal.} R7c3+ 43. Kh4 Rh2 {[%csl Gc3][%cal Rh2h3]} 44. Rg8+ Kf6 {[%csl Gc3][%cal Rh2h3]} 45. Rgf8+ Ke5 {[%csl Gc3][%cal Rh2h3]} 46. Rfe8+ Kf4 {[%csl Gc3][%cal Rh2h3]} 47. Rf8+ Ke4 {[%csl Gc3][%cal Rh2h3]} 48. Rde8+ Kd5 {[%csl Gc3][%cal Rh2h3]} 49. Rd8+ Kc4 {[%csl Gc3][%cal Rh2h3]} 50. Rc8+ Kb3 {[%csl Gc3][%cal Rh2h3]} 51. Rxc3+ Kxc3 {KR-KR} 52. Rc8+ Kd4 53. Rb8 Rb2 54. Kh5 a5 55. Kxh6 {Black must now prevent h4.} Rh2 56. Rxb7 Rxh3+ {Precision: White = 58%, Black = 44%.} 1/2-1/2

[Event "4NCL Div 1 2018-19"]
[Site "Daventry"]
[Date "2018.11.10"]
[Round "1"]
[White "Moreby, James"]
[Black "Adair, James R"]
[Result "1/2-1/2"]
[WhiteElo "2252"]
[BlackElo "2485"]
[Annotator "TA"]
[PlyCount "64"]
[EventDate "2018.11.10"]
[EventType "team-tourn"]
[EventCountry "GBR"]
[SourceTitle "playchess.com"]
[Source "ChessBase"]
[SourceQuality "1"]

{[%evp 25,64,13,46,29,69,74,73,75,75,82,94,102,130,115,112,111,95,16,26,21,18,0,0,0,0,0,0,0,24,27,105,109,92,10,10,10,10,10,12,10,184]} 1. d4 Nf6 2. c4 e6 3. Nc3 Bb4 4. e3 O-O 5. Nge2 d5 6. a3 Be7 7. cxd5 exd5 8. Nf4 c6 9. Bd3 Re8 10. O-O Bd6 11. f3 {E46: Nimzo-Indian: Rubinstein: 4 e3 0-0 5 Ne2 without early Bd3} Bxf4 (11... Na6 12. Bc2 Bxf4 13. exf4 Nc7 14. f5 b6 15. Bf4 Bb7 16. Qd2 Re7 17. g4 Nfe8 18. Rf2 f6 {1-0 (30) Bocharov,D (2560)-Anand,V (2803) Berlin 2015}) 12. exf4 b6 13. f5 Ba6 {LiveBook: 3 Games} 14. g4 $146 ({Predecessor:} 14. Bg5 Bxd3 15. Qxd3 Qd6 16. Rfe1 Nbd7 17. Qd2 Rxe1+ 18. Rxe1 Re8 19. Rxe8+ Nxe8 {0-1 (74) Sieciechowicz,M (2387)-Georgiev,K (2623) Katowice 2017}) 14... Nfd7 15. Bf4 Bxd3 16. Qxd3 b5 17. Rae1 Rxe1 18. Rxe1 Nb6 19. Bc7 Qc8 20. Bxb6 axb6 21. Re7 (21. f6 $16) 21... Qd8 $11 22. Qe3 {[#] Threatening mate with Re8+.} Nd7 23. g5 Kf8 $1 24. f6 $1 {[%cal Rf6g7]} gxf6 25. gxf6 Nxf6 26. Rb7 Ng8 {And now ...Qc8 would win.} 27. Qf4 $36 {[%csl Gb7][%cal Rf4f7][%mdl 2048] White is more active.} Qf6 (27... Qe8 $1 $11 {remains equal.}) 28. Qxf6 $16 Nxf6 {[#]} 29. Rxb6 ({White should try} 29. Rc7 $1 $16) 29... Rc8 $11 {The position is equal.} 30. Nxb5 cxb5 31. Rxf6 Rc2 32. Rd6 {Black must now prevent b4.} Ke8 $2 {Precision: White = 46%, Black = 42%.} (32... Rxb2 $11 {and Black stays safe.} 33. Rxd5 Kg7) 1/2-1/2

[Event "4NCL Div 1 2018-19"]
[Site "Daventry"]
[Date "2018.11.10"]
[Round "1"]
[White "Townsend, M Paul"]
[Black "Coathup, Roger H"]
[Result "1-0"]
[WhiteElo "2240"]
[BlackElo "2162"]
[Annotator "NA"]
[PlyCount "109"]
[EventDate "2018.11.10"]
[EventType "team-tourn"]
[EventCountry "GBR"]
[SourceTitle "playchess.com"]
[Source "ChessBase"]
[SourceQuality "1"]
[TimeControl "40/6000+30:3000+30"]

1. d4 {[%emt 0:00:00]} Nf6 {[%emt 0:00:00]} 2. c4 {[%emt 0:00:00]} g6 {[%emt 0:00:00]} 3. Nc3 {[%emt 0:00:15]} Bg7 {[%emt 0:00:00]} 4. e4 {[%emt 0:00:20]} d6 {[%emt 0:00:00] LiveBook: 52304 Games} 5. Nf3 {[%emt 0:00:24]} O-O {[%emt 0:00:00]} 6. Be2 {[%emt 0:00:10]} c6 {[%emt 0:00:11]} 7. O-O {[%emt 0:00:38]} e5 {[%emt 0:00:53]} 8. d5 {[%emt 0:08:57]} Na6 {[%emt 0:00:15]} 9. Bg5 {[%emt 0:09:02]} h6 {[%emt 0:03:40] E94: King's Indian: Classical: 6 Be2 e5 7 0-0: Various Black 7th moves} 10. Bh4 {[%emt 0:02:03]} c5 {[%emt 0:11:03]} 11. Nd2 {[%emt 0:04:55]} Nc7 {[%emt 0:02:38]} 12. a3 {[%emt 0:03:49]} Qe8 {[%emt 0:08:45]} 13. b4 {[%emt 0:01:10]} b6 {[%emt 0:00:12] [#]} 14. Rb1 $146 {[%emt 0:06:49]} ({Predecessor:} 14. bxc5 bxc5 15. Qa4 Qxa4 16. Nxa4 Bd7 17. Nc3 {1-0 (56) Khalifman,A (2613)-Sepp,O (2411) Tallinn 2015}) 14... h5 {[%emt 0:01:57]} 15. bxc5 {[%emt 0:08:58]} bxc5 {[%emt 0:00:28]} 16. f3 {[%emt 0:09:38]} Nh7 {[%emt 0:03:17]} 17. Qe1 {[%emt 0:08:20]} Bh6 {[%emt 0:03:48]} 18. Nb5 {[%emt 0:02:50]} Nxb5 {[%emt 0:01:15]} 19. cxb5 {[%emt 0:00:19]} Be3+ {[%emt 0:02:15]} 20. Kh1 {[%emt 0:03:23]} Bxd2 {[%emt 0:05:44]} 21. Qxd2 {[%emt 0:00:11]} f5 {[%emt 0:03:56]} 22. a4 {[%emt 0:11:32]} f4 {[%emt 0:03:57]} 23. a5 {[%emt 0:00:47]} g5 {[%emt 0:00:44]} 24. Bf2 {[%emt 0:01:08]} Rf7 {[%emt 0:04:00]} 25. b6 {[%emt 0:09:56]} axb6 {[%emt 0:01:11]} 26. Rxb6 {[%emt 0:01:04]} Qd8 {[%emt 0:01:02]} 27. Rfb1 {[%emt 0:08:32]} Rfa7 {[%emt 0:02:28]} 28. Be1 {[%emt 0:00:11]} Nf6 {[%emt 0:18:44]} 29. Qb2 {[%emt 0:02:12]} Qe7 {[%emt 0:08:24]} 30. Rb8 {[%emt 0:01:56]} Nd7 {[%emt 0:01:20]} 31. Rxa8 {[%emt 0:00:21]} Rxa8 {[%emt 0:00:04]} 32. Bb5 {[%emt 0:01:31]} Qd8 {[%emt 0:02:47]} 33. Qa2 {[%emt 0:01:22]} Qc7 {[%emt 0:04:00]} 34. Bc6 {[%emt 0:01:59]} Rb8 {[%emt 0:02:06]} 35. h3 {[%emt 0:00:55]} Rxb1 {[%emt 0:00:56]} 36. Qxb1 {[%emt 0:00:02]} g4 {[%emt 0:04:49]} 37. Qb5 {[%emt 0:01:32]} gxh3 {[%emt 0:01:37]} 38. gxh3 {[%emt 0:00:31]} Qa7 {[%emt 0:03:38]} 39. Qf1 {[%emt 0:00:55]} Nb8 {[%emt 0:01:40]} 40. Qg2+ {[%emt 0:00:32]} Kh7 {[%emt 0:05:11]} 41. Be8 {[%emt 0:04:36]} Qg7 {[%emt 0:00:45]} 42. Bxh5 {[%emt 0:01:25]} Na6 {[%emt 0:03:20]} 43. Qxg7+ {[%emt 0:08:10]} Kxg7 {[%emt 0:00:05]} 44. Bg4 {[%emt 0:00:27]} Bb7 {[%emt 0:01:07]} 45. Bd7 {[%emt 0:06:41]} Nb4 {[%emt 0:03:39]} 46. Bb5 {[%emt 0:04:47]} Na6 {[%emt 0:03:02]} 47. Kg2 {[%emt 0:00:32]} Nc7 {[%emt 0:00:41]} 48. Ba4 {[%emt 0:04:10]} (48. Bf1 $142) 48... Ba6 {[%emt 0:00:30]} 49. Bh4 {[%emt 0:04:27]} Kf7 {[%emt 0:00:43]} 50. Kf2 {[%emt 0:01:42]} (50. Bd1 $18) 50... Bc8 $2 {[%emt 0:03:01]} (50... Nb5 51. Ke1 Nc3) 51. Bd8 {[%emt 0:02:33]} Na6 {[%emt 0:00:12]} 52. Bb5 {[%emt 0:00:16]} Nb4 {[%emt 0:00:15]} 53. h4 {[%emt 0:00:16]} Bb7 {[%emt 0:01:04]} 54. h5 {[%emt 0:00:32]} Nxd5 {[%emt 0:01:23]} 55. Bc4 {[%emt 0:01:59]} 1-0

[Event "4NCL Div 1 2018-19"]
[Site "Daventry"]
[Date "2018.11.10"]
[Round "1"]
[White "Rudd, Jack"]
[Black "Turner, Matthew J"]
[Result "1/2-1/2"]
[WhiteElo "2234"]
[BlackElo "2536"]
[Annotator "TA"]
[PlyCount "52"]
[EventDate "2018.11.10"]
[EventType "team-tourn"]
[EventCountry "GBR"]
[SourceTitle "playchess.com"]
[Source "ChessBase"]
[SourceQuality "1"]

{[%evp 34,52,24,-52,29,30,14,21,20,-116,0,0,0,0,0,0,0,0,85,86,90]} 1. e4 e5 2. Nf3 Nc6 3. Bb5 {[%cal Bf1b5,Bb5a4,Ba4b3][%mdl 32]} a6 4. Ba4 Nf6 5. O-O Be7 6. Re1 b5 7. Bb3 d6 8. c3 O-O 9. h3 Nb8 10. d4 Nbd7 11. Nbd2 Bb7 12. Bc2 Re8 13. Nf1 Bf8 14. Ng3 g6 15. Bg5 h6 16. Bd2 Bg7 17. Qc1 Kh7 {C95: Closed Ruy Lopez: Breyer Variation with 10 d4} 18. h4 {LiveBook: 5 Games} ({Better is} 18. a4 $11) 18... d5 (18... exd4 $1 $15 19. cxd4 c5) 19. exd5 $11 {[%cal Rd4e5] [#]} Bxd5 $146 {White has an edge.} ({Predecessor:} 19... exd4 20. Nxd4 Ne5 21. Ne6 Qxd5 22. Nf4 Qc6 23. h5 Rad8 24. hxg6+ fxg6 25. Qb1 Rxd2 26. Bxg6+ {0-1 (38) Smirin,I (2530)-Beliavsky,A (2620) Odessa 1989}) 20. dxe5 Ng4 {[%cal Rd7e5]} 21. h5 (21. e6 $11 {keeps the balance.} Rxe6 22. Rxe6 Bxe6 23. h5) 21... Bxf3 ({Black should try} 21... Ndxe5 $17 22. Be4 Nxf3+ 23. gxf3 Bxe4 24. Rxe4 Rxe4 25. Nxe4 Ne5 26. hxg6+ fxg6) 22. hxg6+ fxg6 {[#] ( -> ...Qh4)} 23. gxf3 Ngxe5 24. Kg2 Nc5 {aiming for ...Qd5.} 25. Rh1 {[%cal Rd2h6]} Ncd3 (25... Qf6 $11 26. Bf4 Nxf3 27. Kxf3 Qc6+ 28. Kg4 Qe6+ 29. Kf3 Qd5+ 30. Kg4 Qe6+ 31. Kf3 Qd5+ 32. Kg4 Qe6+) 26. Bxh6 $16 Nxc1 {Precision: White = 52%, Black = 37%.} 1/2-1/2

[Event "4NCL Div 1 2018-19"]
[Site "Daventry"]
[Date "2018.11.10"]
[Round "1"]
[White "Willow, Jonah B"]
[Black "Ashton, Adam G"]
[Result "1/2-1/2"]
[WhiteElo "2224"]
[BlackElo "2332"]
[Annotator "NA"]
[PlyCount "86"]
[EventDate "2018.11.10"]
[EventType "team-tourn"]
[EventCountry "GBR"]
[SourceTitle "playchess.com"]
[Source "ChessBase"]
[SourceQuality "1"]
[TimeControl "40/6000+30:3000+30"]

1. e4 {[%emt 0:00:00]} e5 {[%emt 0:41:28]} 2. Nf3 {[%emt 0:00:00]} Nc6 {[%emt 0:00:04]} 3. Nc3 {[%emt 0:00:00]} Nf6 {[%emt 0:00:03]} 4. Bb5 {[%emt 0:00:00]} Bb4 {[%emt 0:00:42]} 5. O-O {[%emt 0:00:02]} O-O {[%emt 0:00:09]} 6. d3 {[%emt 0:00:13]} Bxc3 {[%emt 0:00:30]} 7. bxc3 {[%emt 0:00:06]} d6 {[%emt 0:00:31]} 8. Bg5 {[%emt 0:00:18]} Qe7 {[%emt 0:00:55]} 9. Re1 {[%emt 0:00:05]} a6 {[%emt 0:01:02] C49: Four Knights: 4 Bb5 Bb4} 10. Bc4 {[%emt 0:11:49]} Na5 {[%emt 0:05:08]} 11. Bd5 $146 {[%emt 0:01:24]} ({Predecessor:} 11. Bb3 h6 12. Bh4 Nxb3 13. cxb3 g5 14. Bg3 Bg4 15. d4 Nd7 16. Qd3 Bxf3 17. Qxf3 {1-0 (72) Sunilduth Lyna,N (2573)-Tarjan,J (2432) Caleta 2018}) 11... c6 {[%emt 0:01:51]} 12. Bb3 {[%emt 0:00:05]} h6 {[%emt 0:01:34]} 13. Bd2 {[%emt 0:07:12]} Nxb3 {[%emt 0:00:54]} 14. axb3 {[%emt 0:01:50]} Be6 {[%emt 0:03:33]} 15. c4 {[%emt 0:04:58]} Nd7 {[%emt 0:02:15]} 16. Bc3 {[%emt 0:08:38]} Bg4 {[%emt 0:09:42]} 17. h3 {[%emt 0:10:17]} Bh5 {[%emt 0:00:52]} 18. d4 {[%emt 0:04:12]} Rad8 {[%emt 0:08:04]} 19. b4 {[%emt 0:13:30]} Bxf3 {[%emt 0:02:58]} 20. Qxf3 {[%emt 0:02:38]} exd4 {[%emt 0:01:04]} 21. Bxd4 {[%emt 0:00:52]} c5 {[%emt 0:01:47]} 22. Bc3 {[%emt 0:05:18]} Ne5 {[%emt 0:03:13]} 23. Bxe5 {[%emt 0:05:08]} dxe5 {[%emt 0:00:24]} 24. b5 {[%emt 0:00:08]} Qe6 {[%emt 0:04:20]} 25. Ra4 {[%emt 0:06:32]} axb5 {[%emt 0:03:00]} 26. cxb5 {[%emt 0:00:48]} Rd4 {[%emt 0:00:27]} 27. Rea1 {[%emt 0:04:28]} Rfd8 {[%emt 0:02:02]} 28. Qa3 {[%emt 0:02:12]} b6 {[%emt 0:02:10]} 29. Ra8 {[%emt 0:03:53]} Kh7 {[%emt 0:01:26]} 30. Rxd8 {[%emt 0:04:11]} Rxd8 {[%emt 0:00:12]} 31. Qf3 {[%emt 0:00:14]} Rd7 {[%emt 0:03:11]} 32. Ra6 {[%emt 0:00:55]} g6 {[%emt 0:00:29]} 33. h4 {[%emt 0:02:26]} h5 {[%emt 0:00:59]} 34. Kh2 {[%emt 0:03:43]} Kg7 {[%emt 0:00:13]} 35. c3 {[%emt 0:02:47]} Rd2 {[%emt 0:01:47]} 36. Ra8 {[%emt 0:05:05]} c4 {[%emt 0:05:17]} 37. Qe3 {[%emt 0:01:07]} Rd3 {[%emt 0:00:29]} 38. Qg5 {[%emt 0:00:06]} Rd7 {[%emt 0:01:52]} 39. Rc8 {[%emt 0:00:41]} Rd6 {[%emt 0:01:12]} 40. Rc7 {[%emt 0:00:21]} Rd3 {[%emt 0:01:06]} 41. Rc6 {[%emt 0:02:02]} Rd6 $11 {[%emt 0:00:22]} 42. Rc7 {[%emt 0:03:08]} Rd3 {[%emt 0:00:12]} 43. Rc6 {[%emt 0:05:15]} Rd6 {[%emt 0:00:48]} 1/2-1/2

[Event "4NCL Div 1 2018-19"]
[Site "Daventry"]
[Date "2018.11.10"]
[Round "1"]
[White "Blackburn, Jonathan L B"]
[Black "Griffiths, Ryan Rhys"]
[Result "0-1"]
[WhiteElo "2212"]
[BlackElo "2358"]
[Annotator "NA"]
[PlyCount "38"]
[EventDate "2018.11.10"]
[EventType "team-tourn"]
[EventCountry "GBR"]
[SourceTitle "playchess.com"]
[Source "ChessBase"]
[SourceQuality "1"]
[TimeControl "40/6000+30:3000+30"]

1. d4 {[%emt 0:24:48]} Nf6 {[%emt 0:02:32]} 2. c4 {[%emt 0:00:12]} e6 {[%emt 0:00:17]} 3. Nc3 {[%emt 0:00:08]} Bb4 {[%emt 0:00:11]} 4. Nf3 {[%emt 0:01:04]} b6 {[%emt 0:00:12] LiveBook: 4698 Games} 5. Qb3 {[%emt 0:00:57]} c5 {[%emt 0:03:46]} 6. Bg5 {[%emt 0:02:38]} h6 {[%emt 0:00:12]} 7. Bh4 {[%emt 0:02:01]} Nc6 {[%emt 0:00:09]} 8. e3 {[%emt 0:01:27]} cxd4 {[%emt 0:05:07]} 9. Nxd4 {[%emt 0:11:02]} Nxd4 {[%emt 0:03:03]} 10. exd4 {[%emt 0:00:08]} Be7 {[%emt 0:00:07]} 11. Rd1 {[%emt 0:18:49]} Bb7 {[%emt 0:01:15]} 12. d5 {[%emt 0:07:01]} Nxd5 {[%emt 0:12:07]} 13. cxd5 {[%emt 0:00:40]} Bxh4 {[%emt 0:01:39]} 14. dxe6 $17 {[%emt 0:06:47]} fxe6 {[%emt 0:09:57]} 15. Bb5 {[%emt 0:01:02]} O-O {[%emt 0:22:42]} 16. Rxd7 {[%emt 0:00:41]} Qg5 {[%emt 0:17:02]} 17. Rxb7 {[%emt 0:06:32]} Rxf2 {[%emt 0:02:18]} 18. Ne2 {[%emt 0:07:14]} Rf3+ {[%emt 0:04:47]} 19. g3 {[%emt 0:00:26]} Rxb3 {[%emt 0:00:13]} 0-1